McGraw-Hill's 500 college physics questions : (Record no. 331137)

000 -LEADER
fixed length control field 01306cam a22003497a 4500
001 - CONTROL NUMBER
control field 17065517
003 - CONTROL NUMBER IDENTIFIER
control field NUST
005 - DATE AND TIME OF LATEST TRANSACTION
control field 20180118110450.0
008 - FIXED-LENGTH DATA ELEMENTS--GENERAL INFORMATION
fixed length control field 111201s2013 nyua 000 0 eng d
010 ## - LIBRARY OF CONGRESS CONTROL NUMBER
LC control number 2011944587
020 ## - INTERNATIONAL STANDARD BOOK NUMBER
International Standard Book Number 9780071789820 (pbk.)
020 ## - INTERNATIONAL STANDARD BOOK NUMBER
International Standard Book Number 0071789820 (pbk.)
035 ## - SYSTEM CONTROL NUMBER
System control number (OCoLC)ocn810272730
040 ## - CATALOGING SOURCE
Original cataloging agency GAP
Transcribing agency GAP
Modifying agency OCLCO
-- YDXCP
-- BWX
-- QBX
-- DLC
042 ## - AUTHENTICATION CODE
Authentication code lccopycat
050 00 - LIBRARY OF CONGRESS CALL NUMBER
Classification number QC32
Item number .H326 2013
082 04 - DEWEY DECIMAL CLASSIFICATION NUMBER
Classification number 530
100 1# - MAIN ENTRY--PERSONAL NAME
Personal name Halpern, Alvin M.
9 (RLIN) 4635
245 10 - TITLE STATEMENT
Title McGraw-Hill's 500 college physics questions :
Remainder of title ace your college exams /
Statement of responsibility, etc. Alvin Halpern.
246 14 - VARYING FORM OF TITLE
Title proper/short title McGraw-Hill's 500 questions college physics
246 18 - VARYING FORM OF TITLE
Title proper/short title 500 college physics questions
246 3# - VARYING FORM OF TITLE
Title proper/short title McGraw-Hill's five hundred college physics questions
260 ## - PUBLICATION, DISTRIBUTION, ETC.
Place of publication, distribution, etc. New York :
Name of publisher, distributor, etc. McGraw-Hill,
Date of publication, distribution, etc. c2013.
300 ## - PHYSICAL DESCRIPTION
Extent vii, 213 p. :
Other physical details ill. ;
Dimensions 23 cm.
490 0# - SERIES STATEMENT
Series statement McGraw-Hill's 500 questions
650 #0 - SUBJECT ADDED ENTRY--TOPICAL TERM
Topical term or geographic name entry element Physics
Form subdivision Examinations, questions, etc.
9 (RLIN) 4636
906 ## - LOCAL DATA ELEMENT F, LDF (RLIN)
a 7
b cbc
c copycat
d 2
e epcn
f 20
g y-gencatlg
942 ## - ADDED ENTRY ELEMENTS (KOHA)
Source of classification or shelving scheme
Koha item type Book
Holdings
Withdrawn status Lost status Source of classification or shelving scheme Damaged status Not for loan Permanent Location Current Location Shelving location Date acquired Total Checkouts Full call number Barcode Date last seen Date last checked out Price effective from Koha item type
          School of Natural Sciences (SNS) School of Natural Sciences (SNS) Book Cart 09/18/2017 4 530 HAL SNS0002304 03/22/2024 02/27/2024 09/18/2017 Book
© 2023 Central Library, National University of Sciences and Technology. All Rights Reserved.